000 00302 a2200121 4500
001 65659
040 _cAnchieta - Pituba
240 1 0 _a2ª Avaliação - Unidade III - Simulado ENEM
_lpor
245 1 0 _a2ª Avaliação - Unidade III - Simulado ENEM
362 0 _a2018
650 4 _aLinguagem
942 _cBK
999 _c65659
_d65659